Normal view
MARC view
- تأليف وشعر وسيناريو العبادي،أحمد عويدي
Entry Personal Name
001 - CONTROL NUMBER
- control field: 19973
003 - CONTROL NUMBER IDENTIFIER
- control field: JO-AjAnu
005 - DATE AND TIME OF LATEST TRANSACTION
- control field: 20230606073500.0
008 - FIXED-LENGTH DATA ELEMENTS
- fixed length control field: 230606|| aca||aabn | a|a d
040 ## - CATALOGING SOURCE
- Original cataloging agency: JO-AjAnu
- Transcribing agency: JO-AjAnu
100 ## - HEADING--PERSONAL NAME
- Personal name: تأليف وشعر وسيناريو العبادي،أحمد عويدي
670 ## - SOURCE DATA FOUND
- Source citation: Work cat.: (JO-AjAnu)10256: تأليف وشعر وسيناريو العبادي،أحمد عويدي, author, من الشعر الشعبي الأردني: قصص شعرية غنائية